000 00395nam a2200157Ia 4500
003 GCL
008 140319s9999 xx 000 0 ara d
040 _aGCL /
_cGCL
082 0 4 _a813.03
_bح م
100 1 _aحنا مينة
245 1 0 _aالمستنقع (رواية) /
_cحنا مينة
300 _a438 ص
490 _aكتاب
_v0
650 0 4 _aالادب العربى
942 _2ddc
_cBK
999 _c42482
_d42482